Запобігання організації або утриманню місць для незаконного вживання, виробництва чи виготовлення наркотичних засобів, психотропних речовин або їх аналогів (Запис № 458693)

МАРК-запис
000 -Лідер
fixed length control field 02622nam a22002657a 4500
001 - Контрольний номер
control field 5150453
003 - Ідентифікатор контрольного номера
control field UA-OsUOA
005 - Дата та час останнього входження (трансакції)
control field 20201105173749.0
008 - Елементи даних фіксованої довжини – загальна інформація
fixed length control field 200402b un ||||| m||| 00| 0 ukr d
040 ## - Джерело каталогізації
Агенція оригінальної каталогізації UA-OsUOA
Мова каталогізації ukr
Агенція, яка здійснювала перезапис UA-OsUOA
Агенція, яка здійснювала модифікацію UA-OsUOA
041 ## - Код мови
Код мови тексту/ звукової доріжки чи окремого заголовка (П) ukr
080 ## - Індекс Універсальної десяткової класифікації
Індекс Універсальної десяткової класифікації (УДК) (НП) 343.9:343.347
090 ## - Локальний шифр розміщення
Класифікаційний індекс УДК 343.9:343.347
095 ## - Код спеціальності для авторефератів
Код спеціальності 12.00.08
Назва спеціальності кримінальне право та кримінологія; кримінально-виконавче право
100 ## - Основне введення – ім’я особи
Ім’я особи (НП) Щирська В. С.
245 ## - Відомості про назву
Назва (НП) Запобігання організації або утриманню місць для незаконного вживання, виробництва чи виготовлення наркотичних засобів, психотропних речовин або їх аналогів
Дані про відповідальність (НП) Щирська Вікторія Сергіївна ; наук. керівник Вознюк Андрій Андрійович
260 ## - Публікація, розповсюдження і т.п. (Вихідні дані)
Місце публікації, розповсюдження і т.п. (П) Київ
Дата публікації, розповсюдження і т.п. (П) 2016
300 ## - Фізичний опис
Обсяг 20 с.
502 ## - Примітка про дисертацію
Зв'язок Автореферат дисертації на здобуття наукового ступеня кандидата юридичних наук<br/>
Наймення інституції, що представляється Національна академія внутрішніх справ
Рік отримання вченого ступеня 2016
520 ## - Резюме і т.п.
Резюме, реферат, анотація, тощо (НП) Дисертацію присвячено дослідженню питань щодо запобігання організації або утриманню місць для незаконного вживання, виробництва чи виготовлення наркотичних засобів, психотропних речовин або їх аналогів. Розкрито теоретико-методологічні засади дослідження проблем запобігання цим злочинам, зміст елементів їх кримінально-правової та кримінологічної характеристики, зарубіжний досвід кримінальної відповідальності за їх учинення. Розроблено систему заходів запобігання злочинам, передбаченим ст. 317 КК України, на загальносоціальному, спеціально-кримінологічному та індивідуальному рівнях.
650 ## - Додаткове предметне введення – тематичний термін
Джерело заголовка чи терміна UDC
Тематичний термін чи географічна назва, як елемент введення (НП) 343 Кримінальне право. Карні порушення
942 ## - Додаткові елементи входу (Коха)
Source of classification or shelving scheme Universal Decimal Classification
Тип елемента Koha Автореферат
955 ## - Код типу видання за змістом
Код типу видання за змістом (НП) Наукові видання

Немає доступних примірників.